[Event "Open"]
[Site "Chania GRE"]
[Date "2000.08.04"]
[Round "2"]
[White "Vakhidov,T"]
[Black "Milonakis,G"]
[Result "1-0"]
[WhiteElo "2458"]
[BlackElo "2040"]

1.Nf3 d5 2.g3 Nf6 3.Bg2 c6 4.O-O Bf5 5.d3 h6 6.Nbd2 Nbd7 7.b3 e5 8.Bb2 Bd6
9.e4 dxe4 10.dxe4 Be6 11.Qe2 Qe7 12.Nc4 Bxc4 13.Qxc4 O-O 14.Nh4 Bc7 15.Ng6 Qc5
16.Qxc5 Nxc5 17.Nxf8 Rxf8 18.f3 Bb6 19.Kh1 Re8 20.Rfd1 Bc7 21.Bh3 g6 22.Ba3 Ne6
23.Bxe6 Rxe6 24.Bc5 b6 25.Be3 Kg7 26.a4 g5 27.h3 Re7 28.a5 c5 29.axb6 Bxb6
30.Rd6 Rc7 31.Rad1 Rc8 32.Kg2 Ne8 33.R6d5 Kf6 34.f4 gxf4 35.gxf4 exf4 36.Bxf4 Kg6
37.Kf3 Nf6 38.Rd6  1-0

[Event "ch-GBR"]
[Site "Millfield ENG"]
[Date "2000.08.04"]
[Round "5"]
[White "Wohl,A"]
[Black "Briggs,P"]
[Result "1-0"]
[WhiteElo "2461"]
[BlackElo "2200"]

1.Nf3 d5 2.g3 Nc6 3.d4 Bg4 4.Bg2 g6 5.c4 Bg7 6.cxd5 Bxf3 7.Bxf3 Nxd4 8.Bg2 h5
9.Nc3 h4 10.e3 h3 11.Be4 Nf5 12.O-O Nd6 13.Bh1 Nf6 14.e4 Nh5 15.g4 Bxc3 16.bxc3 Ng7
17.e5 Nc8 18.Qd4 Kf8 19.Bf4 Rb8 20.Bg3 b5 21.Rfb1 Rb6 22.a4 bxa4 23.Qxa4 Kg8
24.c4 Kh7 25.c5 Rxb1+ 26.Rxb1 f6 27.Qc6 f5 28.e6 fxg4 29.Qa4 c6 30.Qxg4 cxd5
31.Qxh3+ Nh5 32.Bf3 Kg7 33.Be5+ Nf6 34.Qg3 a5 35.Rd1 Qg8 36.Bxd5 Rh5 37.Bf3 Rf5
38.Be4 Qxe6 39.Bxf5 Qxf5 40.Bxf6+ exf6 41.c6 Ne7 42.Rd7 Qb1+ 43.Kg2 Kf7 44.Qe3 Qb4
45.h3 Kf8 46.c7 Qb7+ 47.Kh2  1-0

[Event "TCh-ESP"]
[Site "Barcelona ESP"]
[Date "2000.08.08"]
[Round "4"]
[White "Ricardi,P"]
[Black "Sokolov,I"]
[Result "0-1"]
[WhiteElo "2488"]
[BlackElo "2611"]

1.Nf3 d5 2.g3 g6 3.Bg2 Bg7 4.c4 c6 5.cxd5 cxd5 6.d4 Nh6 7.Bxh6 Bxh6 8.Nc3 O-O
9.h4 Nc6 10.h5 g5 11.e3 f5 12.Nd2 e6 13.f4 Kh8 14.Nf3 Bd7 15.Ne2 Rg8 16.Kf2 Rc8
17.Rc1 Qa5 18.a3 g4 19.Ne1 Nb8 20.Nc3 Rc7 21.Nd3 Rgc8 22.Qd2 Bf8 23.Ra1 Qb6
24.Rac1 Be8 25.Nc5 Qd6 26.b4 a6 27.h6 b6 28.Qb2 Qe7 29.Nd3 Nd7 30.Ne5 Nf6
31.Ne2 Kg8 32.Rxc7 Rxc7 33.Nc1 Ba4 34.Nb3 Qd8 35.Rc1 Bxh6 36.Rc3 Qc8 37.Rxc7 Qxc7
38.Qc1 Qxc1 39.Nxc1 Bf8 40.Ncd3 h5 41.Ke1 Kg7 42.Kd2 Bb5 43.Nb2 a5 44.Kc3 axb4+
45.axb4 Ne4+  0-1

[Event "ch-GBR"]
[Site "Millfield ENG"]
[Date "2000.08.08"]
[Round "8"]
[White "Webster,A"]
[Black "Wells,P"]
[Result "1/2-1/2"]
[WhiteElo "2417"]
[BlackElo "2506"]

1.g3 d5 2.Nf3 c6 3.Bg2 Bg4 4.c4 e6 5.b3 Nf6 6.O-O Be7 7.Bb2 O-O 8.d3 Nbd7
9.Na3 a5 10.Nc2 b5 11.cxb5 cxb5 12.a4 Qb6 13.Rb1 Ne8 14.e4 Nc7 15.Ne3 Bxf3
16.Qxf3 d4 17.Nc2 e5 18.Qf5 Rad8 19.f4 Nc5 20.Qxe5 N7e6 21.b4 Nxd3 22.Qxb5 Qxb5
23.axb5 axb4 24.Rfd1 Nec5 25.Bf1 Nxb2 26.Rxb2 Nxe4 27.Nxb4 Nc3 28.Rd3 Na4
29.Rb1 Nc3 30.Rb3 Bc5 31.Nc6 Rd6 32.Rb2 Re8 33.Ne5 Ba3 34.Rbd2 Bb4 35.Kg2 Nd5
36.Rb2 Bc3 37.Rb1 Rb8 38.Kf3 g6 39.Nc4 Rdd8 40.Ne5 Rd6 41.Nc4 Rdd8 42.Ne5 Rd6  1/2-1/2

[Event "Lost Boys Open"]
[Site "Amsterdam NED"]
[Date "2000.08.11"]
[Round "1"]
[White "Backelin,R"]
[Black "Tregubov,P"]
[Result "0-1"]
[WhiteElo "2306"]
[BlackElo "2620"]

1.g3 d5 2.Nf3 c6 3.Bg2 Nf6 4.d3 Bf5 5.O-O e6 6.Nbd2 h6 7.Qe1 Be7 8.b3 O-O
9.Bb2 a5 10.e4 Bh7 11.a4 Na6 12.Qe2 Nb4 13.Rfc1 Nd7 14.Ne5 Nxe5 15.Bxe5 c5
16.Bb2 Re8 17.Nf1 Nc6 18.Ne3 Nd4 19.Qd1 dxe4 20.dxe4 Qb8 21.Nc4 e5 22.Nb6 Ra6
23.Nd5 Bg5 24.Rcb1 f5 25.h4 Bd8 26.exf5 Bxf5 27.Rc1 Rd6 28.c3 Nc6 29.Qh5 Rf8
30.c4 Qc8 31.Qe2 Re8 32.Re1 Nd4 33.Bxd4 cxd4 34.Be4 Bg4 35.Qd3 Qe6 36.Nf4 Qf6
37.f3 exf4 38.fxg4  0-1

[Event "TCh-ESP"]
[Site "Barcelona ESP"]
[Date "2000.08.11"]
[Round "7"]
[White "Rodriguez,Am"]
[Black "Campos Moreno,J"]
[Result "1/2-1/2"]
[WhiteElo "2477"]
[BlackElo "2491"]

1.Nf3 d5 2.g3 c6 3.Bg2 Bg4 4.b3 Nd7 5.Bb2 Ngf6 6.O-O e6 7.d3 Bc5 8.Nbd2 O-O
9.c4 Qe7 10.a3 a5 11.d4 Ba7 12.Re1  1/2-1/2

[Event "FSELOB August"]
[Site "Budapest HUN"]
[Date "2000.08.11"]
[Round "7"]
[White "Szilardfy,G"]
[Black "Antok,D"]
[Result "1/2-1/2"]
[WhiteElo "2119"]
[BlackElo "2145"]

1.g3 d5 2.Nf3 Bg4 3.Bg2 c6 4.d3 e6 5.O-O Bd6 6.Nbd2 Ne7 7.c4 O-O 8.b3 Nd7
9.Bb2 e5 10.Qc2 f6 11.a3 a5 12.e3 Ng6 13.Rfe1 Be6 14.e4 d4 15.h4 Ne7 16.Nf1 Qe8
17.Bc1 c5 18.Bd2 Nc6 19.Reb1 Qg6 20.N1h2 Kh8 21.Qd1 Qh5  1/2-1/2

[Event "It"]
[Site "Montreal CAN"]
[Date "2000.08.14"]
[Round "11"]
[White "Kogan,A"]
[Black "Miladinovic,I"]
[Result "1/2-1/2"]
[WhiteElo "2504"]
[BlackElo "2563"]

1.Nf3 d5 2.g3 c6 3.Bg2 Nf6 4.O-O Bf5 5.d3 e6 6.Nbd2 h6 7.b3 Nbd7 8.Bb2 Be7
9.e3 O-O 10.Qe2 Bh7 11.e4 a5 12.a3 b5  1/2-1/2

[Event "Paul Keres mem"]
[Site "Tallinn EST"]
[Date "2000.08.14"]
[Round "1"]
[White "Kochyev,A"]
[Black "Keskel,M"]
[Result "1-0"]
[WhiteElo "2422"]
[BlackElo "2057"]

1.Nf3 d5 2.g3 Nf6 3.Bg2 c6 4.O-O Bf5 5.c4 e6 6.cxd5 cxd5 7.Qb3 Qc7 8.d3 Bd6
9.Nd4 Nc6 10.Nxf5 exf5 11.Nc3 O-O-O 12.Bg5 Rde8 13.Bxf6 gxf6 14.Nxd5 Qa5
15.e3 Kb8 16.Nxf6 Rc8 17.Qxf7 Rc7 18.Qd5 Qb4 19.Qxf5 Ne7 20.Qe6 Rd8 21.d4 Rc2
22.a3 Qb5 23.b4 Nc6 24.Rac1  1-0

[Event "Paul Keres mem"]
[Site "Tallinn EST"]
[Date "2000.08.14"]
[Round "1"]
[White "Gomon,D"]
[Black "Stepovaia Dianchenko,T"]
[Result "0-1"]
[WhiteElo "2033"]
[BlackElo "2414"]

1.Nf3 d5 2.g3 c6 3.Bg2 Nd7 4.d3 e5 5.O-O Ngf6 6.Nbd2 Bc5 7.e4 dxe4 8.dxe4 O-O
9.c3 a5 10.a4 Qc7 11.Qc2 Re8 12.h3 b6 13.Rd1 Ba6 14.Nf1 Bf8 15.N3h2 Rad8
16.Be3 Nc5 17.Bxc5 Bxc5 18.c4 Bd4 19.g4 Nd7 20.Ng3 Nc5 21.Nf3 Ne6 22.Nf5 c5
23.Ne3 Bb7 24.Nd5 Bxd5 25.cxd5 Nf4 26.Nxd4 exd4 27.Rac1 Qe5 28.f3 Rd6 29.Qd2 Rh6
30.Re1 g5 31.Rf1 Nxh3+ 32.Bxh3 Rxh3  0-1

[Event "Rubinstein Mem"]
[Site "Polanica Zdroj POL"]
[Date "2000.08.17"]
[Round "1"]
[White "Markowski,T"]
[Black "Van Wely,L"]
[Result "1/2-1/2"]
[WhiteElo "2568"]
[BlackElo "2643"]

1.g3 d5 2.Nf3 g6 3.c4 c6 4.Qa4 e6 5.Bg2 Bg7 6.O-O Nf6 7.d4 O-O 8.Nc3 Nbd7
9.cxd5 exd5 10.Bf4 Re8 11.Qb3 Nb6 12.a4 a5 13.Rfd1 h6 14.Rac1 Nc4 15.Ne5 g5
16.Be3 Nxe3 17.fxe3 Qd6 18.Rf1 Rxe5 19.dxe5 Qxe5 20.Qb6 Qe7 21.e4 Nd7 22.Qb3 d4
23.Nb1 Ne5 24.Nd2 Be6 25.Qa3 Qxa3 26.bxa3 Bf8 27.Rb1 Ra7 28.Nf3 Nc4 29.Nxd4 Nd2
30.Nxe6 fxe6 31.Bh3 Bxa3 32.Bxe6+ Kh8 33.Kg2 Nxf1 34.Kxf1 Bb4 35.Rd1 b5 36.Rd8+ Kg7
37.Rd7+ Rxd7 38.Bxd7 bxa4 39.Bxc6 a3 40.Bd5 Bd6 41.Ke1 g4 42.e5 Bxe5 43.Kd2 Kf6
44.Kc2 h5 45.Kb3 Bd6 46.Bc6 Kg5 47.Ka2 h4 48.gxh4+ Kxh4 49.Kb3 Kh3 50.Bd7 Bxh2
51.Kxa3 Bc7 52.Ka4 Kg3 53.Bc8 Kf4 54.Bd7 g3 55.Bc6 Ke3 56.Bf3 Kf2 57.Kb5 Bd8
58.Ka4 g2 59.Bxg2 Kxg2 60.e4 Kf3 61.e5 Ke4 62.e6 Kd5 63.e7 Bxe7 64.Kxa5  1/2-1/2

[Event "Paul Keres mem"]
[Site "Tallinn EST"]
[Date "2000.08.18"]
[Round "5"]
[White "Karasev,V"]
[Black "Stepovaia Dianchenko,T"]
[Result "1/2-1/2"]
[WhiteElo "2358"]
[BlackElo "2414"]

1.Nf3 d5 2.g3 c6 3.b3 Bg4 4.Bg2 Nd7 5.Bb2 e6 6.h3 Bh5 7.c4 Ngf6 8.O-O Bd6
9.cxd5 cxd5 10.Nc3 a6 11.d3 O-O 12.Qd2 Qe7 13.a3 Rac8 14.b4 Rc7 15.Rfc1 Rfc8
16.Nd1 Bxf3 17.Rxc7 Rxc7 18.Bxf3 Be5 19.Rc1 Rxc1 20.Bxc1 Nb8 21.Qc2 Nc6 22.e3 h5
23.Bg2 Ne8 24.f4 Bf6 25.Nf2 Nc7 26.g4 hxg4 27.Nxg4 Ba1 28.d4 Nb5 29.Bf1 Qh4
30.Kg2 Nd6 31.Bd3 Ne7 32.Qf2 Qxf2+ 33.Kxf2 f6 34.Ke2 Nec8 35.Kd2 Nb6 36.Kc2 Nbc4
37.Nf2 e5 38.fxe5 fxe5 39.dxe5 Bxe5 40.a4 Kf7 41.e4 Bd4 42.Nd1 dxe4 43.Bxe4 Nxe4
44.Kd3 Bg1 45.Kxc4 Ke6 46.Be3 Bxe3 47.Nxe3 b6 48.Kd4 Nd6 49.a5 bxa5 50.bxa5 Nb7
51.Nc4 Kf5  1/2-1/2

[Event "Rubinstein Mem"]
[Site "Polanica Zdroj POL"]
[Date "2000.08.19"]
[Round "3"]
[White "Markowski,T"]
[Black "Shirov,A"]
[Result "0-1"]
[WhiteElo "2568"]
[BlackElo "2746"]

1.g3 d5 2.Nf3 g6 3.c4 dxc4 4.Qa4+ Nc6 5.Bg2 Bg7 6.Qxc4 e5 7.Ng5 Nh6 8.Bxc6+ bxc6
9.Nc3 O-O 10.d3 Nf5 11.O-O Nd4 12.Be3 h6 13.Nge4 Bg4 14.f3 Be6 15.Qa4 Qe7
16.f4 Bg4 17.Rae1 f5 18.Nf2 Bh5 19.fxe5 Qxe5 20.Bxd4 Qxd4 21.Qxd4 Bxd4 22.e3 Bg7
23.Na4 Rae8 24.d4 g5 25.Nc5 f4 26.Nfe4 Bg6 27.exf4 Bxd4+ 28.Kg2 gxf4 29.gxf4 Bxb2
30.Kf3 Bh5+ 31.Kg3 Kh7 32.f5 Rg8+ 33.Kh4 Bf7 34.Nd7 Kg7 35.Nec5 Bc4 36.Ne6+ Kf7
37.Rf4 Bd5 38.Rb1 Rg2 39.Kh3 Rd2 40.Rg1 Bxa2 41.Ndc5 Be5 42.Ne4 Bxe6 43.fxe6+ Kxe6  0-1

[Event "XVIII Rapidplay Open"]
[Site "Villarrobledo ESP"]
[Date "2000.08.19"]
[Round "3"]
[White "Danailov,S"]
[Black "Topalov,V"]
[Result "1/2-1/2"]
[WhiteElo "2470"]
[BlackElo "2707"]

1.Nf3 d5 2.g3 Bg4 3.Bg2 Nd7 4.O-O e6 5.d3 Ngf6 6.Nbd2 Bc5 7.e4 Ne5 8.Qe2 O-O
9.Nb3 Nxf3+ 10.Bxf3 Bxf3 11.Qxf3 Be7 12.Re1 c6 13.Bd2 Nd7 14.exd5 cxd5 15.Rad1 Nc5
16.Bc1 Nxb3 17.axb3 Bg5 18.d4 Bxc1 19.Rxc1 Qf6 20.Qe3 Rac8 21.h4 h5 22.c3 a6  1/2-1/2

[Event "Paul Keres mem"]
[Site "Tallinn EST"]
[Date "2000.08.20"]
[Round "7"]
[White "Vooremaa,A"]
[Black "Stepovaia Dianchenko,T"]
[Result "0-1"]
[WhiteElo "2304"]
[BlackElo "2414"]

1.Nf3 d5 2.g3 c6 3.Bg2 Nd7 4.d3 e5 5.Nbd2 Ngf6 6.e4 dxe4 7.dxe4 Bc5 8.O-O O-O
9.b3 a5 10.Bb2 Qc7 11.a3 Re8 12.c3 b5 13.h3 Bb7 14.Qe2 Bf8 15.Ne1 Nc5 16.Nd3 Nxd3
17.Qxd3 Rad8 18.Qc2 Nd7 19.Rfd1 Nc5 20.Bf1 Bc8 21.a4 Be6 22.axb5 Rxd2 23.Rxd2 Nxb3
24.Rdd1 Nxa1 25.Rxa1 cxb5 26.Bxb5 Rb8 27.Bf1 Bb3 28.Qd2 a4 29.c4 Rd8 30.Qc3 Bc5
31.Qe1 h6 32.Be2 Qd6 33.Qa5 Rb8 34.Bc3 f6 35.Bb2 Bc2 36.Bc3 Qb6 37.Qxb6 Rxb6
38.Bd1 Bxd1 39.Rxd1 Rb3 40.Rd5 Bxf2+ 41.Kxf2 Rxc3 42.Rd8+ Kf7 43.Rc8 Ke6
44.c5 Rc4 45.Kf3 Kd7 46.Ra8 Kc6 47.Ra5 h5 48.h4 Rc3+ 49.Kg2 a3 50.Kf2 g5
51.hxg5 fxg5 52.Kg2 g4  0-1

[Event "Rubinstein Mem"]
[Site "Polanica Zdroj POL"]
[Date "2000.08.21"]
[Round "5"]
[White "Markowski,T"]
[Black "Svidler,P"]
[Result "1/2-1/2"]
[WhiteElo "2568"]
[BlackElo "2689"]

1.g3 d5 2.Nf3 g6 3.c4 dxc4 4.Na3 Bg7 5.Nxc4 Nc6 6.d3 e5 7.Bd2 Nge7 8.Bg2 Be6
9.Rc1 O-O 10.O-O Qd7 11.Ng5 Bd5 12.Bh3 Qd8 13.Ne4 f5 14.Nc3 Bf7 15.Bg2 Qd7
16.Bg5 Rab8 17.Nd2 Nd4 18.Nf3 c5 19.Qd2 Nec6 20.Bh6 Rbd8 21.Bxg7 Kxg7 22.Qd1 b6
23.Re1 Rfe8 24.Nd2 Ne7 25.a3 Ng8 26.b4 cxb4 27.axb4 Nf6 28.e3 Nc6 29.Qa4 Ne7  1/2-1/2

[Event "5th Paks Cup IM"]
[Site "Paks HUN"]
[Date "2000.08.22"]
[Round "4"]
[White "Bogdan,D"]
[Black "Pataki,G"]
[Result "0-1"]
[WhiteElo "2331"]
[BlackElo "2294"]

1.Nf3 d5 2.g3 c6 3.Bg2 Bg4 4.O-O Nd7 5.d3 Ngf6 6.Nbd2 e6 7.b3 Bd6 8.Bb2 O-O
9.Qe1 Re8 10.e4 dxe4 11.dxe4 e5 12.Nc4 Bc7 13.Nh4 Be6 14.Qe2 b5 15.Ne3 Nc5
16.Rfd1 Qb8 17.Nef5 g6 18.Nh6+ Kg7 19.Bc1 Qc8 20.Qe3 Ncd7 21.Qg5 Bd8 22.N4f5+ Kh8
23.Qd2 gxf5 24.exf5 Bd5 25.Bxd5 cxd5 26.Nxf7+ Kg8 27.Nd6 Qc6 28.Nxe8 Nxe8
29.Qxd5+ Qxd5 30.Rxd5 Nef6 31.Rxb5 Rc8 32.Bg5 Rxc2 33.Rd1 Bb6 34.Rd2 Rxd2
35.Bxd2 a6 36.Rb4 Ba5 37.Ra4 Bxd2 38.Rxa6 Kf7 39.a3 Ke7 40.b4 Bc3 41.Kg2 Bd4
42.Re6+ Kf7 43.h3 Nb6 44.Kf3 Nfd5 45.Ke4 Bb2 46.Rd6 Nf6+ 47.Kd3 Nbd5 48.Kc4 Ne7
49.a4 Nxf5 50.Rd2 Bd4 51.Kd3 Nd5 52.b5 Nc3 53.b6 Nxa4 54.f4 Nxb6 55.fxe5 Bxe5
56.g4 Nd6 57.Ra2 Nd5 58.h4 Nb4+  0-1

[Event "ch-FRA Women"]
[Site "Vichy FRA"]
[Date "2000.08.22"]
[Round "7"]
[White "Bonnafous,N"]
[Black "Sebag,M"]
[Result "0-1"]
[WhiteElo "2035"]
[BlackElo "2227"]

1.Nf3 d5 2.g3 Nf6 3.Bg2 Bf5 4.d3 e6 5.O-O h6 6.Nbd2 Be7 7.Re1 O-O 8.e4 dxe4
9.Nh4 Bg4 10.f3 exf3 11.Nhxf3 Nc6 12.Ne4 Bf5 13.Nxf6+ Bxf6 14.Bd2 Re8 15.Bc3 Bxc3
16.bxc3 Qd6 17.Rb1 Rab8 18.Kh1 b6 19.Rf1 Bg4 20.Qd2 Bxf3 21.Bxf3 Ne5 22.Bg2 Rbd8
23.Rbe1 f6 24.Qf4 Re7 25.Be4 f5 26.Bg2 Nf7 27.Qh4 g6 28.g4 Rde8 29.d4 Kg7
30.Qf2 c5 31.h4 Rf8 32.h5 Ng5 33.gxf5 exf5 34.Rxe7+ Qxe7 35.hxg6 f4 36.Re1 Qd6
37.Re5 f3 38.Bf1 cxd4 39.cxd4 Qxg6 40.Re7+ Rf7 41.Rxf7+ Qxf7 42.c4 Qf4 43.d5 Ne4
44.Qh2 Ng3+ 45.Kg1 Qe3+ 46.Qf2 Nxf1 47.Kxf1 Qc1+ 48.Qe1 Qxc4+ 49.Kf2 Qh4+  0-1

[Event "ECh-u20"]
[Site "Aviles ESP"]
[Date "2000.08.23"]
[Round "7"]
[White "Bursteinas,R"]
[Black "Izoria,Z"]
[Result "0-1"]
[WhiteElo "2391"]
[BlackElo "2450"]

1.Nf3 d5 2.g3 c6 3.Bg2 Bg4 4.c4 e6 5.cxd5 exd5 6.O-O Nd7 7.d3 Bd6 8.e4 Ne7
9.exd5 Nxd5 10.Re1+ Ne7 11.d4 O-O 12.Nc3 Nb6 13.Ne4 Bb4 14.Rf1 Nf5 15.Bg5 Be7
16.Bxe7 Qxe7 17.Nc5 Rad8 18.Re1 Qc7 19.Re4 Bxf3 20.Bxf3 g6 21.Qd3 Nd7 22.Nxd7 Qxd7
23.Bg4 Qd5 24.Bxf5 Qxf5 25.Rae1 Qa5 26.Qc4 Qb6 27.b4 Rd5 28.Rf4 Qc7 29.Re3 Qd6
30.a3 Kg7 31.h4 Rd8 32.Ref3 Rd7 33.Qb3 f5 34.Re3 Rxd4 35.Qc3 Kf7 36.Qb3+ Kg7
37.Qc3 Kf7 38.Qb3+ Rd5 39.h5 Kg7 40.Qc3+ Qf6 41.h6+ Kf7 42.Qb3 Re7 43.Rd3 Qe6
44.Re3 Qf6 45.Rd3 Re1+ 46.Kh2 Qe6 47.Rff3 g5 48.g4 Qxh6+ 49.Rh3 Qd6+ 50.Kg2 Qf4
51.Rdf3 Qxg4+ 52.Rhg3 Qh4 53.Rh3 Qg4+ 54.Rhg3 Qh5 55.Rh3 Qg6 56.Rxf5+ Qxf5
57.Rf3 Re5 58.Rxf5+ Rxf5 59.Qe3 a6 60.Qa7 Rd7 61.Qb8 Kg7 62.Kg3 h6 63.Kg4 Rf4+
64.Kg3 Rdf7 65.Qe5+ Kh7  0-1

[Event "ch-FRA Women"]
[Site "Vichy FRA"]
[Date "2000.08.23"]
[Round "8"]
[White "Leconte,JO"]
[Black "Dubois,M"]
[Result "1/2-1/2"]
[WhiteElo "2253"]
[BlackElo "2084"]

1.Nf3 d5 2.g3 Nc6 3.c4 d4 4.d3 Bg4 5.Bg2 Qd7 6.h3 Bxf3 7.Bxf3 e5 8.a3 f5
9.Qa4 Nf6 10.Nd2 Nd8 11.Qxd7+ Nxd7 12.g4 f4 13.O-O h5 14.gxh5 Nf6 15.Kh2 Nxh5
16.Rg1 Nf6 17.Nb3 c5 18.e3 fxe3 19.fxe3 Bd6 20.Bd5 e4+ 21.Kg2 Nxd5 22.cxd5 dxe3
23.Bxe3 exd3 24.Bxc5 Nf7 25.Rad1 Rc8 26.Bxd6 Rc2+ 27.Kg3 Nxd6 28.Rxd3 Nf5+
29.Kg4 O-O 30.Nd2 Rxb2 31.d6 Nh6+ 32.Kg3 Nf5+ 33.Kg4 Nh6+ 34.Kg3  1/2-1/2

[Event "Penta Media GM"]
[Site "Kelamabakkam IND"]
[Date "2000.08.24"]
[Round "10"]
[White "Ghaem Maghami,E"]
[Black "Barua,D"]
[Result "0-1"]
[WhiteElo "2488"]
[BlackElo "2502"]

1.Nf3 d5 2.g3 Nf6 3.Bg2 c6 4.O-O Bf5 5.d3 h6 6.Nbd2 Bh7 7.Qe1 Nbd7 8.e4 dxe4
9.dxe4 e5 10.Nh4 Bc5 11.a4 O-O 12.Nc4 Re8 13.Nf5 Bxf5 14.exf5 e4 15.b4 Bf8
16.Rb1 Nb6 17.Na5 Qd7 18.Ra1 Nbd5 19.b5 cxb5 20.axb5 Qxf5 21.Nxb7 Qc8 22.Na5 Qxc2
23.Qd2 Qc5 24.Ba3 Qxb5 25.Rfb1 Qd7 26.Rb7 Qe6 27.Bxf8 Rxf8 28.Qd4 Nb6 29.Rc1 Rfd8
30.Qe3 Rd7 31.Rxd7 Nbxd7 32.h3 Nb6 33.Nc6 Nbd5 34.Qc5 Rc8 35.Qxa7 Kh7 36.Qa4 Ne7
37.Re1 Qxc6 38.g4 Qxa4  0-1

[Event "5th Paks Cup GM"]
[Site "Paks HUN"]
[Date "2000.08.24"]
[Round "6"]
[White "Berkes,F"]
[Black "Lipinsky,F"]
[Result "0-1"]
[WhiteElo "2372"]
[BlackElo "2362"]

1.Nf3 d5 2.g3 c6 3.Bg2 Nf6 4.O-O Bg4 5.d3 Nbd7 6.Nbd2 e5 7.h3 Bh5 8.e4 dxe4
9.dxe4 Bc5 10.Re1 Qc7 11.Qe2 O-O 12.g4 Bg6 13.Nh4 Rfe8 14.Nb3 Bb6 15.Bg5 h6
16.Bd2 Nf8 17.a4 a5 18.Qf3 N6h7 19.Nf5 Ng5 20.Qg3 Nge6 21.Bf1 Nf4 22.Rad1 Rad8
23.Qc3 N8e6 24.Be3 Rxd1 25.Rxd1 Bxf5 26.exf5 Ng5 27.Bxb6 Qxb6 28.Rd7 Ngxh3+  0-1

[Event "Open"]
[Site "Polanica Zdroj POL"]
[Date "2000.08.24"]
[Round "7"]
[White "Miroshnichenko,E"]
[Black "Kosiorek,M"]
[Result "1-0"]
[WhiteElo "2509"]
[BlackElo "2378"]

1.Nf3 d5 2.g3 c6 3.Bg2 Bg4 4.O-O Nf6 5.b3 Nbd7 6.Bb2 e6 7.d3 Bd6 8.e4 dxe4
9.dxe4 Be5 10.Bxe5 Bxf3 11.Qxf3 Nxe5 12.Qc3 Qc7 13.h3 Ned7 14.Na3 O-O 15.Rad1 Rad8
16.Nb5 Qb8 17.Nd6 Ne8 18.Nc4 Nb6 19.Na5 Nd6 20.a4 Rd7 21.Qe5 Qc7 22.Rd3 Rfd8
23.Rfd1 Nbc8 24.Nc4 b5 25.axb5 cxb5 26.Nxd6 Nxd6 27.c4 bxc4 28.bxc4 Qc6 29.Qg5 Ne8
30.Qxd8 Rxd8 31.Rxd8 g6 32.e5 Qa4 33.R1d7 Kg7 34.Re7 Qxc4 35.Rexe8 Qc5 36.Rd7 Qxe5
37.Ree7 Qf6 38.Rxa7  1-0

[Event "Open"]
[Site "Porto San Giorgio ITA"]
[Date "2000.08.24"]
[Round "5"]
[White "Gardon,E"]
[Black "Tocchioni,D"]
[Result "0-1"]
[WhiteElo "2081"]
[BlackElo "2250"]

1.Nf3 d5 2.g3 g6 3.Bg2 Bg7 4.O-O Nf6 5.d3 O-O 6.Nbd2 c5 7.e4 Nc6 8.Re1 b6
9.exd5 Nxd5 10.Nc4 Bb7 11.Nce5 Qd6 12.Nxc6 Bxc6 13.d4 c4 14.Ne5 Bb5 15.c3 Rac8
16.h4 f6 17.Ng4 e6 18.Ne3 Ne7 19.Bh3 f5 20.Ng2 Bc6 21.Bf4 Qd7 22.Qe2 Be4
23.f3 Bd5 24.Ne3 Nc6 25.Nxd5 exd5 26.Qe6+ Qxe6 27.Rxe6 Nxd4 28.cxd4 Bxd4+
29.Be3 Bxb2 30.Rd1 d4 31.Bc1 Bxc1 32.Rxc1 Rfd8 33.Bf1 d3 34.Re3 d2 35.Rd1 c3
36.Bd3 c2 37.Bxc2 Rxc2 38.Kf2 Rxa2  0-1

[Event "ch-FRA Basse"]
[Site "Vichy FRA"]
[Date "2000.08.24"]
[Round "9"]
[White "Anic,D"]
[Black "Apicella,M"]
[Result "1/2-1/2"]
[WhiteElo "2487"]
[BlackElo "2506"]

1.Nf3 d5 2.g3 e6 3.c4 c6 4.b3 f5 5.Bb2 Nf6 6.Bg2 Be7 7.O-O O-O 8.d3 b6 9.Nbd2 Bb7
10.e4 c5 11.cxd5 exd5 12.exf5 Qd7 13.Re1 Nc6 14.Ne5 Nxe5 15.Rxe5 Ne8 16.Qc2 Nc7
17.g4 Bf6 18.f4 Bxe5 19.fxe5 g6 20.e6 Nxe6 21.fxe6 Qxe6 22.Qc3 d4 23.Qc4 Qxc4
24.bxc4 Bxg2 25.Kxg2 Rf4 26.Ne4 Raf8 27.h3 Rf3 28.Rd1 Re3 29.Bc1 Re2+ 30.Kg3 Kg7
31.Bd2 h6 32.h4 b5 33.Nxc5 bxc4 34.dxc4 Rc8 35.Kf3 Rh2 36.Ne6+ Kh7 37.Nxd4 Rh3+
38.Kg2 Rd3 39.Nf3 a5 40.Re1 Rxc4 41.Re7+ Kg8 42.Bxh6 Rc2+ 43.Kg3 Rcc3 44.Rg7+ Kf8
45.Rxg6+ Kf7 46.Rg7+ Ke6 47.Rg6+ Kf7 48.Rg7+ Ke6  1/2-1/2

[Event "It"]
[Site "Miercurea Ciuc ROM"]
[Date "2000.08.25"]
[Round "7"]
[White "Bogza,A"]
[Black "Schlander,S"]
[Result "1-0"]
[WhiteElo "2271"]
[BlackElo "2136"]

1.Nf3 d5 2.g3 Nf6 3.Bg2 c6 4.c4 e6 5.b3 Nbd7 6.Bb2 Bd6 7.O-O O-O 8.d4 Re8
9.Ne5 Bxe5 10.dxe5 Ng4 11.e4 Ngxe5 12.exd5 exd5 13.cxd5 cxd5 14.Qxd5 Rb8
15.Na3 b6 16.Rfd1 Bb7 17.Qd4 Bxg2 18.Kxg2 Qf6 19.Qd5 Qh6 20.h3 Nf6 21.Qd2 Qh5
22.Qf4 Ng6 23.Qf3 Qxf3+ 24.Kxf3 Ne5+ 25.Kg2 h6 26.Nb5 a5 27.Rac1 Nfd7 28.Ba3 Rec8
29.f4 Rxc1 30.Bxc1 Rc8 31.fxe5 Rc2+ 32.Rd2 Rxc1 33.Rxd7 Rc2+ 34.Kf3 Rxa2
35.Rd6 Rb2 36.Nd4 Rd2 37.Nf5 Rh2 38.Rxb6 Rxh3 39.Rb8+ Kh7 40.Rf8 Rh5 41.Rxf7 Kg8
42.Rxg7+ Kf8 43.Kg4  1-0

[Event "Open"]
[Site "Porto San Giorgio ITA"]
[Date "2000.08.25"]
[Round "6"]
[White "Foisor,O"]
[Black "Rausis,I"]
[Result "1/2-1/2"]
[WhiteElo "2404"]
[BlackElo "2551"]

1.Nf3 d5 2.g3 Nf6 3.Bg2 e6 4.O-O Be7 5.c4 O-O 6.b3 b6 7.Bb2 Bb7 8.e3 Nbd7
9.d4 c5 10.Nbd2 Rc8 11.Qe2 Rc7 12.cxd5 Nxd5 13.Rfc1 Qa8 14.e4 N5f6 15.Ne1 Rfc8
16.dxc5 Nxc5 17.Be5 Rd7 18.f3 Ba6 19.Nc4 Rcd8 20.Bf1 Ncxe4 21.fxe4 Bc5+ 22.Kh1 Nxe4
23.Bg2 Bb7 24.h3 f6 25.Kh2 fxe5 26.Qg4 Re7 27.Rc2 Rf8 28.Nd3 Bd4 29.Re1 Nf2
30.Nxf2 Bxg2 31.Ne4 Bf3 32.Qh4 Bxe4 33.Qxe4 Qxe4 34.Rxe4 Ref7 35.Ree2 Rf1
36.h4 R1f3 37.Kg2 R3f5 38.Nd6 Rf1 39.Nb5 Bc5 40.Nxa7 h5 41.Nc6 Rg1+ 42.Kh2 Rff1
43.Rxe5 Rh1+ 44.Kg2 Rhg1+ 45.Kh2 Bd6 46.Rg5 Rh1+ 47.Kg2 Rhg1+ 48.Kh2 Rh1+  1/2-1/2

[Event "ECh-u20"]
[Site "Aviles ESP"]
[Date "2000.08.26"]
[Round "10"]
[White "Stryjecki,M"]
[Black "Fernandez Romero,Ern"]
[Result "1/2-1/2"]
[WhiteElo "2405"]
[BlackElo "2383"]

1.g3 d5 2.Nf3 Bg4 3.Bg2 Nd7 4.O-O e6 5.c4 Ngf6 6.cxd5 exd5 7.d3 c6 8.Nc3 Bc5
9.Qb3 Bb6 10.Na4 O-O 11.Nxb6 axb6 12.Be3 Ra6 13.Qc2 Qe7 14.h3 Bf5 15.a3 h6
16.Nd4 Bg6 17.Bd2 Re8 18.Rfe1 Nf8 19.b4 c5 20.bxc5  1/2-1/2

[Event "Antwerp Chess Event"]
[Site "Deurne BEL"]
[Date "2000.08.26"]
[Round "7"]
[White "Abolianin,A"]
[Black "Dutreeuw,M"]
[Result "0-1"]
[WhiteElo "2384"]
[BlackElo "2402"]

1.Nf3 d5 2.g3 Bg4 3.Bg2 c6 4.c4 e6 5.Qa4 Bh5 6.O-O Nd7 7.d3 Bd6 8.Nc3 Ngf6
9.cxd5 exd5 10.Nh4 O-O 11.Nf5 Bc7 12.Qh4 Bg6 13.e4 Bxf5 14.exf5 Ne8 15.Bg5 f6
16.Be3 Nd6 17.g4 Re8 18.Ne2 Bb6 19.Qg3 Nf8 20.Bxb6 Qxb6 21.Nf4 Nf7 22.Bxd5 cxd5
23.Nxd5 Qxb2 24.Nc7 Ne5 25.Nxa8 Rxa8 26.Rab1 Qd4 27.h3 Nfd7 28.Qe3 Nc5 29.Qxd4 Nf3+
30.Kg2 Nxd4 31.Rfe1 Kf7 32.Re3 Rd8 33.Rc1 b6 34.Kf1 Rd7 35.Rc4 Rd5 36.Ke1 h5
37.Kd2 h4 38.Kc3 Nb5+ 39.Kd2 Nd4 40.Kc3 Nb5+ 41.Kd2 Nd6 42.Rf4 b5 43.Kc2 a5
44.d4 Na6 45.Rc3 Ke7 46.a3 Kd7 47.Rd3 Nb8 48.Rc3 Nc6 49.Rd3 a4 50.Kb1 Nc4
51.Re4 N6e5 52.Rd1 Nxa3+ 53.Kb2 Nac4+ 54.Kc3 Nd6  0-1

[Event "5th Paks Cup GM"]
[Site "Paks HUN"]
[Date "2000.08.26"]
[Round "8"]
[White "Csom,I"]
[Black "Arnold,L"]
[Result "0-1"]
[WhiteElo "2478"]
[BlackElo "2435"]

1.Nf3 d5 2.g3 Bg4 3.Bg2 Nd7 4.d3 c6 5.Nbd2 e5 6.c3 Ngf6 7.Qc2 Bd6 8.h3 Bh5
9.O-O O-O 10.e4 Re8 11.Re1 Qc7 12.Nh4 dxe4 13.dxe4 a5 14.a4 Bc5 15.Nb3 Bb6
16.Bg5 h6 17.Bc1 Nc5 18.Be3 Ne6 19.Nd2 Bxe3 20.Rxe3 Rad8 21.Nc4 Nd7 22.Nf5 Ndc5
23.b4 axb4 24.cxb4 Nd4 25.Qa2 Nce6 26.a5 f6 27.Rc1 Bf7 28.Qb1 Nb5 29.Bf1 Ned4
30.Nb6 Be6 31.Nxd4 exd4 32.Ree1 Nc3 33.Qb2 Qf7 34.Bg2 Qh5 35.h4 Bg4 36.Rxc3 dxc3
37.Qxc3 Qe5 38.Qc1 Qd4 39.Qb1 Re5 40.Bf1 Kh8 41.Na4 f5 42.exf5 Bxf5 43.Qa1 Rxe1
44.Qxe1 Qd1 45.Qxd1 Rxd1 46.Kg2 Rd4 47.Nc5 Rxb4 48.a6 bxa6 49.Bxa6 Kg8 50.Kf3 Kf7
51.Ke3 Ke7 52.Bd3 Kd6 53.Bxf5 Kxc5 54.h5 Kd5 55.Bh7 c5 56.Bg8+ Ke5 57.f4+ Kf6
58.g4 Ra4 59.Bh7 Ra3+ 60.Ke4 Rg3 61.Bf5 c4 62.Kd5 c3 63.Kd4 Rxg4  0-1

[Event "Open"]
[Site "Porto San Giorgio ITA"]
[Date "2000.08.26"]
[Round "7"]
[White "Badea,B"]
[Black "Tocchioni,D"]
[Result "1-0"]
[WhiteElo "2480"]
[BlackElo "2250"]

1.Nf3 d5 2.g3 Bg4 3.Bg2 c6 4.c4 e6 5.cxd5 exd5 6.O-O Nf6 7.d3 Be7 8.Qc2 Nbd7
9.e4 h6 10.Nc3 O-O 11.h3 Bxf3 12.Bxf3 Re8 13.Bg2 Nc5 14.e5 Nfd7 15.d4 Ne6
16.Rd1 Rf8 17.Be3 f5 18.Nxd5 Kh8 19.Nxe7 Qxe7 20.d5 cxd5 21.f4 Rac8 22.Qf2 d4
23.Bxd4 Nxd4 24.Rxd4 Rc7 25.Rd6 Nb6 26.Rad1 Rfc8 27.Qd4 Rc2 28.Rd8+ Rxd8
29.Qxd8+ Qxd8 30.Rxd8+ Kh7 31.g4 g6 32.Rb8 Rxb2 33.Rxb7+ Kg8 34.Rxa7 Kf8
35.Rb7 fxg4 36.hxg4 h5 37.gxh5 gxh5 38.f5  1-0

[Event "ch-HUN KO"]
[Site "Budapest HUN"]
[Date "2000.08.30"]
[Round "2.1"]
[White "Gyorkos,L"]
[Black "Szitas,G"]
[Result "1-0"]
[WhiteElo "2380"]
[BlackElo "2191"]

1.Nf3 d5 2.g3 Nf6 3.Bg2 c6 4.d3 Bf5 5.O-O e6 6.c4 h6 7.Qb3 Qb6 8.Nc3 Nbd7
9.cxd5 Qxb3 10.axb3 exd5 11.e4 dxe4 12.dxe4 Bh7 13.e5 Ne4 14.Re1 Nec5 15.Nd4 Nd3
16.Re2 Nxc1 17.Rxc1 Nc5 18.e6 fxe6 19.Rd1 O-O-O 20.b4 Nd3 21.Nxe6 Re8 22.b5 cxb5
23.Nxb5 Bb4 24.Nbc7 Re7 25.Nd5 Rxe6 26.Bh3 Bc5 27.Bxe6+ Kb8 28.Nf4 Nxf4 29.gxf4 Re8
30.Rd7 Re7 31.Rxe7 Bxe7 32.Bg8  1-0